Pole Position F1 - Statistiques

Statistiques générales
  • Ce quiz a été pris 271 fois
    32 depuis la dernière actualisation
  • Le résultat moyen est 25 sur 32
Statistiques - réponses
Grand Prix Date Réponse Nationalité Nombre
de Pole
% Correct
Bahreïn 31 Mars 2019 Charles Leclerc Monaco 26
100%
Espagne 23 Juin 2024 Lando Norris Royaume-Uni 10
100%
Canada 10 Juin 2007 Lewis Hamilton Royaume-Uni 104
100%
Chine 15 Mars 2026 Andrea Kimi Antonelli Italie 2
97%
Hongrie 4 Août 2019 Max Verstappen Pays-Bas 40
97%
Monaco 15 Mai 1994 Michael Schumacher Allemagne 68
97%
Chine 23 Mars 2025 Oscar Piastri Australie 1
97%
France 1 Juillet 2001 Ralf Schumacher Allemagne 6
97%
Hongrie 31 Juillet 2022 George Russell Royaume-Uni 5
93%
Arabie Saoudite 27 Mars 2022 Sergio Perez Mexique 3
93%
Bahreïn 16 Avril 2017 Valtteri Bottas Finlande 20
93%
Malaisie 23 Mars 2003 Fernando Alonso Espagne 22
90%
Italie 14 Septembre 2008 Sebastian Vettel Allemagne 57
90%
Grande Bretagne 3 Juillet 2022 Carlos Sainz Jr Espagne 6
86%
Europe 29 Juin 2003 Kimi Raikkonen Finlande 18
86%
Turquie 15 Novembre 2020 Lance Stroll Canada 1
86%
Monaco 29 Mai 2016 Daniel Ricciardo Australie 3
83%
Turquie 27 Août 2006 Felipe Massa Brésil 16
79%
Brésil 13 Novembre 2022 Kevin Magnussen Danemark 1
79%
Luxembourg 28 Septembre 1997 Mika Hakkinen Finlande 26
76%
Chine 15 Avril 2012 Nico Rosberg Allemagne 30
72%
Saint Marin 25 Avril 2004 Jenson Button Royaume-Uni 8
69%
Allemagne 12 Juillet 2009 Marc Webber Australie 13
69%
Bahreïn 6 Avril 2008 Robert Kubica Pologne 1
62%
Belgique 28 Août 1994 Rubens Barrichello Brésil 14
62%
Brésil 7 Novembre 2010 Nico Hulkenberg Allemagne 1
59%
Australie 6 Mars 2005 Giancarlo Fisichella Italie 4
52%
Allemagne 29 Juillet 2001 Juan Pablo Montoya Colombie 13
52%
Espagne 13 Mai 2012 Pastor Maldonado Venezuela 1
52%
Argentine 9 Avril 1995 David Coulthard Royaume-Uni 12
45%
Monaco 23 Mai 2004 Jarno Trulli Italie 4
45%
Europe 29 Mai 2005 Nick Heidfeld Allemagne 1
31%
Aucun quiz correspondant
Distribution des résultats
% des personnes avec chaque résultat
Percentile par nombre de réponses
Votre historique - résultats
Vous n’avez pas pris ce quiz depuis la dernière actualisation